000 00577nam a2200205Ia 4500
003 GCL
008 140319s9999 xx 000 0 ara d
040 _aGCL /
_cGCL
082 0 4 _a210
_bم ا
100 1 _aمحمود فوزى
245 1 0 _aاسلاميات لكل عصر /
_cمحمود فوزى
260 _a[S.N] :
_bدار الجيل ،
_c1988
300 _a272 ص
490 _a
650 0 4 _aالاسلام
650 0 4 _aالاسلام والعلم
650 0 4 _aالشريعة الاسلامية
650 0 4 _aالتاريخ الاسلامى
942 _2ddc
_cBK
999 _c55637
_d55637